| 000 | 01148nam a2200229Ia 4500 | ||
|---|---|---|---|
| 001 | L220-4181 | ||
| 003 | IT-CnALBA | ||
| 008 | 170116s9999||||xx |||||||||||||| ||und|| | ||
| 040 |
_aIT-CnALBA _cIT-CnALBA |
||
| 041 | _aITALIANO | ||
| 100 | _aAA. VV. | ||
| 245 | 0 | _aLA BIBBIA PER IL BAMBINO. | |
| 250 | _a1a ed. | ||
| 260 |
_a FIRENZE _bSALANI ADRIANO, CASA EDITRICE _c1935 [1° Ed.:1935 - Ed.Ling.Originale: 1935] |
||
| 300 | _a744 p. (prefazione: 56) | ||
| 500 | _aCURATORE GALLINA CESARE. VECCHIO E NUOVO TESTAMENTO. BIBBIA RACCONTATA; CON LINGUAGGIO SEMPLICE E SUNTEGGIATA. STIMOLI PER LA RIFLESSIONE E MEDITAZIONE SOTTO FORMA DI DOMANDA. INDICE DELLE SENTENZE E DELLE MATERIE PRINCIPALI. | ||
| 501 | _aSocietà San Paolo EM - Piazza San Paolo, 14 - 12051 ALBA (CN) (non commercial uses only) ® Copyright 2017 | ||
| 520 | _aCURATORE GALLINA CESARE. VECCHIO E NUOVO TESTAMENTO. BIBBIA RACCONTATA; CON LINGUAGGIO SEMPLICE E SUNTEGGIATA. STIMOLI PER LA RIFLESSIONE E MEDITAZIONE SOTTO FORMA DI DOMANDA. INDICE DELLE SENTENZE E DELLE MATERIE PRINCIPALI. | ||
| 650 | _aBIBBIA - TESTI E COMMENTI | ||
| 942 | _cBK | ||
| 957 | _71 | ||
| 999 |
_a5159 _bSI _g Copie: 1 _c263367 _d263367 |
||